|
|
|
|
| LEADER |
00000nam a22000007i 4500 |
| 001 |
IT\ICCU\BVE\0092767 |
| 003 |
ItRI |
| 005 |
20260115231903.0 |
| 008 |
960516s1995 it |||||| ||||| |||||c |
| 020 |
|
|
|a 8820018179
|
| 040 |
|
|
|b ita
|c importazione bologna sebina
|
| 041 |
|
7 |
|a ita
|2 ISO-639-2
|
| 100 |
1 |
|
|a Sasson, Jean P.
|0 IT\ICCU\LO1V\130360
|4 aut
|
| 240 |
1 |
0 |
|a Princess sultanaʼs daughters.
|3 IT\ICCU\LO1\0341232
|9 Sasson, Jean P.
|
| 245 |
1 |
0 |
|a Schiave /
|c Jean P. Sasson.
|
| 260 |
|
|
|a Milano :
|b CDE,
|c stampa 1995
|
| 300 |
|
|
|a XIII, 241 p. ;
|c 23 cm
|
| 500 |
|
|
|a Trad. di Elena Malossini Fumero.
|
| 790 |
1 |
|
|a Sasson, Jean
|3 IT\ICCU\CFIV\273482
|z Sasson, Jean P.
|
| 942 |
|
|
|2 ddc
|c BK
|n 0
|
| 952 |
|
|
|0 0
|1 0
|4 0
|6 DOC_305_420000000000000_SAS
|7 0
|9 15366
|a BO
|b BO
|d 2026-01-15
|i 6571
|l 0
|o DOC 305.420 SAS
|p BO6571
|r 2026-01-15 23:19:03
|w 2026-01-15
|x [Sebina 5] [1 v. (stampa 1997)]
|y BK
|z 1 v. (stampa 1997)
|
| 999 |
|
|
|c 13231
|d 13231
|